Detalles MARC
| 000 -LIDER |
| fixed length control field |
02553nam a2200361 a 4500 |
| 001 - NÚMERO DE CONTROL |
| Identificador de número de control |
000007137 |
| 003 - IDENTIFICACDOR DE NÚMERO DE CONTROL |
| control field |
DO-SdBNP |
| 005 - DATE AND TIME OF LATEST TRANSACTION |
| control field |
20240322114124.0 |
| 007 - CAMPOS FIJOS DE DESCRIPCIÓN FÍSICA |
| fixed length control field |
000007137 |
| 008 - ELEMENTOS DE LONGITUD FIJA |
| fixed length control field |
090717s2017 mx 001 0 spa d |
| 020 ## - ISBN |
| Canceled/invalid ISBN |
9786071653970 |
| 040 ## - FUENTE DE CATALOGACIÓN |
| Agencia que crea de manera original el registro |
BPMSU |
| Idioma de catalogación |
spa |
| Agencia que realiza la transcripción |
BPMSU |
| 082 #4 - NÚMERO DE CLASIFICACIÓN DECIMAL DE DEWEY |
| Classification number |
342.7291 |
| Item number |
C175c 2017 |
| Edition number |
22 |
| 245 #3 - MENCIÓN DE TITULO |
| Título |
El cambio constitucional en Cuba : actores, instituciones y leyes de un proceso político / |
| Subtítulo |
actores, reglas y estrategias electorales / |
| Mención de responsabilidad |
coordinadores Rafael Rojas, Velia Cecilia Bodes y Armando Chaguaceda |
| 260 ## - PUBLICACIÓN, DISTRIBUCIÓN, ETC. (PIE DE IMPRENTA) |
| Lugar de publicación, distribución, etc |
México : |
| Nombre del editor, distribuidor, etc. |
Fondo de Cultura Económica, |
| Fecha de publicación, distribución, etc |
2017 |
| 300 ## - DESCRIPCIÓN FÍSICA |
| Extensión |
256 p. ; |
| Dimensiones |
21 cm. |
| Otros detalles físicos |
|
| 490 0# - MENCIÓN DE SERIES |
| Mención de serie |
Sección de obras de política y derecho |
| 500 ## - NOTA GENERAL |
| Nota general |
Incluye datos biográficos de los coordinadores en la solapa de la cubierta |
| 504 ## - NOTA DE BIBLIOGRAFÍA, ETC. |
| Bibliography, etc |
Incluye referencias bibliográficas y notas al pie de las páginas |
| 505 0# - NOTA DE CONTENIDO |
| Texto normalizado de contenido |
Del constitucionalismo republicano al autoritario en el siglo XX cubano ? La tradición constitucional hispanoamericana ? La constitución de la República de Cuba y los derechos humanos universales ? Constitucionalismo autocrático en Cuba: mito y realidad ? Derecho del Estado, participación cultural y parámetros ? El nuevo postotalitarismo cubano: un balance del raulismo ? Veinte años después ( actores del cambio constitucional; retrospectiva y escenarios futuros) ? La cuestión constitucional en Cuba: una discusión sociológica. |
| 590 ## - NOTA LOCAL |
| Texto de la nota local |
Inventariado, 2024/VM |
| 650 #4 - ENCABEZAMIENTO DE MATERIA--TEMÁTICO |
| Término temático o nombre geográfico como elemento de entrada |
Derechos humanos |
| Subdivisión geográfica |
Cuba |
| 650 #4 - ENCABEZAMIENTO DE MATERIA--TEMÁTICO |
| Término temático o nombre geográfico como elemento de entrada |
Garantías constitucionales |
| Subdivisión geográfica |
Cuba |
| 651 #4 - ENCABEZAMIENTO DE MATERIA--NOMBRE GEOGRÁFICO |
| Nombre geográfico |
Cuba |
| Subdivisión temática general |
Derecho constitucional |
| Subdivisión cronológica |
|
| 651 #4 - ENCABEZAMIENTO DE MATERIA--NOMBRE GEOGRÁFICO |
| Nombre geográfico |
Cuba |
| Subdivisión temática general |
Historia constitucional |
| Subdivisión cronológica |
|
| 700 1# - ASIENTO SECUNDARIO -- NOMBRE PERSONAL |
| Nombre personal |
Rojas, Rafael |
| Mención de responsabilidad |
coordinador |
| 700 1# - ASIENTO SECUNDARIO -- NOMBRE PERSONAL |
| Nombre personal |
Bohes, Velia Cecilia |
| Mención de responsabilidad |
coordinadora |
| 700 1# - ASIENTO SECUNDARIO -- NOMBRE PERSONAL |
| Nombre personal |
Chaguaceda, Armando |
| Mención de responsabilidad |
coodinador |
| 710 2# - ASIENTO SECUNDARIO -- NOMBRE CORPORATIVO |
| Nombre corporativo o de jurisdicción |
Fondo de Cultura Económica (México) |
| 710 2# - ASIENTO SECUNDARIO -- NOMBRE CORPORATIVO |
| Nombre corporativo o de jurisdicción |
Centro de Estudios Constitucionales Iberoamericanos (México) |
| 910 ## - VALIDACIÓN |
| Validación |
VMateo V. Control de calidad BPMSU |
| 942 ## - ADDED ENTRY ELEMENTS (KOHA) |
| Source of classification or shelving scheme |
Dewey Decimal Classification |
| Koha item type |
Libros |